Yleistieto #74 - Statistics

Yleistilastot
  • Tätä visaa on pelattu 412 kertaa
  • Keskiarvotulos 6 / 14
Vastaustilastot
Vinkki Vastaus % Oikein
Kuka loi muumit? Tove Jansson
97%
Missä kaupungissa on Tiedekeskus Heureka? Vantaalla
92%
Minkä kaupungin kaupunginosia ovat Mitte ja Kreutzberg? Berliinin
66%
Missä metsässä Robin Hood legendan mukaan asui? Sherwoodin metsässä
66%
Ketä laulajaa kutsutaan 'Walesin tiikeriksi'? Tom Jonesia
59%
Minkä komediahahmon hitti oli "Naurava Kulkuri"? Jean Pierre Kuselan
56%
^Minkä kaupungin tuntumassa se sijaitsee? Nottinghamin
42%
Missä sijaitsee Suomen Ilmavoimien esikunta? Tikkakoskella
36%
Kuka kirjoitti kirjan "Leijat Helsingin yllä"? Kjell Westö
28%
Kuka on Japanin keisari? Akihito
25%
Minkä rotunen koira Frasierin isällä on tv-sarjassa? Jack russelin terrieri
23%
Mikä on Tansanian suurin kaupunki? Dar es Salaam
20%
Kuka esitti Frasieria tv-sarjassa Frasier? Kelsey Grammer
16%
Kuka voitti parhaan naispääosa Oscarin elokuvasta "Lukija"? Kate Winslet
13%
Ehtoja vastaavia visoja ei löytynyt
Tulosjakauma
Jokaisen tuloksen saaneiden osuus
Persentiili vastausten määrän mukaan
Tuloshistoriasi
Et ole pelannut tätä visaa